Sports Quiz

Random Sports Quiz
Score 0/30 Timer 08:00
1 Play Today
Jaar Renner % Correct
2005Tom Boonen
98.2%
2008Tom Boonen
98.2%
2009Tom Boonen
98.2%
2012Tom Boonen
98.2%
2006Fabian Cancellara
93.8%
2010Fabian Cancellara
93.8%
2013Fabian Cancellara
93.8%
2018Peter Sagan
91.4%
2019Philippe Gilbert
91.3%
1996Johan Museeuw
90%
2000Johan Museeuw
90%
2002Johan Museeuw
90%
2017Greg Van Avermaet
82.9%
2014Niki Terpstra
76.6%
2016Mathew Hayman
69.5%
Jaar Renner % Correct
2011Johan Vansummeren
68.4%
2003Peter Van Petegem
67.3%
2015John Degenkolb
64.7%
1999Andrea Tafi
55.6%
1994Andrei Tchmil
49.1%
1995Franco Ballerini
48.9%
1998Franco Ballerini
48.9%
2001Servais Knaven
48.6%
1990Eddy Planckaert
44%
2007Stuart O'Grady
41.2%
2004Magnus Bäckstedt
39.1%
1992Gilbert Duclos-Lassalle
36.1%
1993Gilbert Duclos-Lassalle
36.1%
1997Frédéric Guesdon
25.7%
1991Marc Madiot
19.2%
Remove Ads.
Support Sporcle.
Get the best of Sporcle when you Go Orange. This ad-free experience offers more features, more stats, and more fun while also helping to support Sporcle. Thank you for becoming a member.

You're not logged in!

Compare scores with friends on all Sporcle quizzes.
OR
Log In

Show Comments

Extras

Created Oct 23, 2020ReportNominate
Tags:Cycling

Top Quizzes Today


Score Distribution

Your Account Isn't Verified!

In order to create a playlist on Sporcle, you need to verify the email address you used during registration. Go to your Sporcle Settings to finish the process.

Report this User

Report this user for behavior that violates our Community Guidelines.

Details: